01125nab a22002657a 4500003000400000005001700004008004100021040000700062100002100069245006500090260007300155300001300228500003700241505007300278505008200351650001800433650001700451650004900468650003800517650003100555650004000586650003200626650004700658773015400705OSt20251222125328.0190429b xxu||||| |||| 00| 0 spa d cPJ aTazza, Alejandro10aEs necesario modificar el Código Penal /cAlejandro Tazza. cCiudad Autónoma de Buenos Aires :aThomson Reuters La Ley, b2025. ap. 40-50 aCita: TR LALEY AR/DOC/1907/2025. aSumario: I. Introducción.— II. Desarrollo.— III. Conclusión. tSi te interesa el texto completo, solicitalo a koha@justierradelfuego.gov.ar  0aDERECHO PENAL 0aCODIGO PENAL 0aDELITOS CONTRA LA ADMINISTRACIÓN PÚBLICA 0aDELITOS CONTRA LA SALUD PÚBLICA 0aDELITOS CONTRA LA LIBERTAD 0aDELITOS CONTRA LA INTEGRIDAD SEXUAL 0aDELITOS CONTRA LA PROPIEDAD 0aDELITOS CONTRA LA SEGURIDAD DE LA NACIÓN0 02658tRevista de derecho penal y criminología. Nº 8 - Septiembre 2025dCiudad Autónoma de Buenos Aires : Thomson Reuters La Ley, 2017-x00347914